[Event "EYCC Girls U14 2018"]
[Site "Riga"]
[Date "2018.08.24"]
[Round "5"]
[White "Sovina, Maria"]
[Black "Stepanyan, Eva"]
[Result "0-1"]
[WhiteElo "1856"]
[BlackElo "2101"]
[Annotator "NA"]
[PlyCount "78"]
[EventDate "2018.08.20"]
[EventType "swiss"]
[EventCountry "LAT"]
[SourceTitle "playchess.com"]
[Source "ChessBase"]
[SourceQuality "1"]
[TimeControl "40/5400+30:1800+30"]

1. d4 {[%emt 0:00:00]} Nf6 {[%emt 0:00:00]} 2. c4 {[%emt 0:00:00]} e6 {[%emt 0:00:00]} 3. Nc3 {[%emt 0:00:00]} Bb4 {[%emt 0:00:00]} 4. Qc2 {[%emt 0:00:00]} O-O {[%emt 0:00:28]} 5. a3 {[%emt 0:00:00]} Bxc3+ {[%emt 0:01:36]} 6. Qxc3 {[%emt 0:00:00]} b6 {[%emt 0:00:49]} 7. Bg5 {[%emt 0:00:00]} Bb7 {[%emt 0:00:49]} 8. e3 {[%emt 0:00:00]} h6 {[%emt 0:01:16]} 9. Bh4 {[%emt 0:00:38]} d5 {[%emt 0:05:25]} 10. cxd5 {[%emt 0:01:58]} g5 {[%emt 0:13:30]} 11. Bg3 {[%emt 0:04:21]} Nxd5 {[%emt 0:00:50]} 12. Qc2 {[%emt 0:04:01]} Nd7 {[%emt 0:05:54]} 13. h4 {[%emt 0:10:13]} c5 {[%emt 0:09:10]} 14. hxg5 {[%emt 0:13:13]} Qxg5 $18 {[%emt 0:00:15]} 15. Nf3 {[%emt 0:05:20]} Nxe3 {[%emt 0:16:05]} 16. Qd3 {[%emt 0:14:24]} Bxf3 {[%emt 0:02:30]} 17. Qxe3 {[%emt 0:02:07]} Qxe3+ {[%emt 0:04:36]} 18. fxe3 {[%emt 0:00:01]} Bc6 {[%emt 0:05:08]} 19. Rc1 {[%emt 0:09:04]} Kg7 {[%emt 0:05:19]} 20. Bd6 {[%emt 0:02:36]} Rfe8 {[%emt 0:03:02]} 21. b4 {[%emt 0:05:48]} e5 {[%emt 0:03:39]} 22. dxc5 {[%emt 0:01:35]} bxc5 {[%emt 0:00:11]} 23. bxc5 {[%emt 0:02:02]} Re6 {[%emt 0:01:37]} 24. Bd3 {[%emt 0:07:35]} e4 {[%emt 0:01:01]} 25. Bc4 {[%emt 0:02:25]} Rg6 {[%emt 0:00:14]} 26. Rc2 {[%emt 0:01:07]} Re8 {[%emt 0:01:17]} 27. Rf1 {[%emt 0:01:29]} f6 {[%emt 0:00:15]} 28. a4 {[%emt 0:05:33]} Ne5 {[%emt 0:03:06]} 29. Bxe5 {[%emt 0:04:24]} Rxe5 {[%emt 0:00:05]} 30. Bb5 f5 {[%emt 0:00:55]} 31. Rff2 {[%emt 0:01:02]} a6 {[%emt 0:01:06]} 32. Be2 {[%emt 0:01:04]} Bxa4 {[%emt 0:00:54]} 33. Rc4 {[%emt 0:01:44]} Bb5 {[%emt 0:00:41]} 34. Rc3 {[%emt 0:00:36]} Rc6 {[%emt 0:00:48]} 35. Bxb5 axb5 {[%emt 0:00:06]} 36. Rfc2 {[%emt 0:00:24]} Kf6 {[%emt 0:01:18]} 37. Kd2 {[%emt 0:01:37]} Rd5+ {[%emt 0:01:20]} 38. Kc1 {[%emt 0:01:10]} Ke5 {[%emt 0:06:44]} 39. g3 {[%emt 0:00:58]} Kf6 {[%emt 0:06:04]} 0-1

[Event "EYCC Girls U14 2018"]
[Site "Riga"]
[Date "2018.08.24"]
[Round "5"]
[White "Efendieva, Alina"]
[Black "Guillo Longares, Cecilia"]
[Result "0-1"]
[WhiteElo "1843"]
[BlackElo "2030"]
[Annotator "NA"]
[PlyCount "112"]
[EventDate "2018.08.20"]
[EventType "swiss"]
[EventCountry "LAT"]
[SourceTitle "playchess.com"]
[Source "ChessBase"]
[SourceQuality "1"]
[TimeControl "40/5400+30:1800+30"]

1. e4 {[%emt 0:00:00]} c5 {[%emt 0:00:00]} 2. Nf3 {[%emt 0:00:00]} Nc6 {[%emt 0:00:00]} 3. d4 {[%emt 0:00:00]} cxd4 {[%emt 0:00:00]} 4. Nxd4 {[%emt 0:00:00]} g6 {[%emt 0:00:00]} 5. Nc3 {[%emt 0:00:00]} Bg7 {[%emt 0:00:00]} 6. Be3 {[%emt 0:00:00]} Nf6 {[%emt 0:00:00]} 7. Bc4 {[%emt 0:00:03]} O-O {[%emt 0:00:00]} 8. Bb3 {[%emt 0:00:11]} Re8 {[%emt 0:00:00] B35: Sicilian: Accelerated Dragon with 5 Nc3: main line} 9. f3 {[%emt 0:00:45] LiveBook: 43 Games} e6 {[%emt 0:00:05]} (9... d5 10. exd5 Nb4 11. Nde2 e6 12. Bd4 exd5 13. O-O Be6 14. Bf2 d4 15. Nxd4 Bxb3 16. Nxb3 {½-½ (16) Jakovenko,D (2735)-Gelfand,B (2695) Poikovsky 2018}) 10. Qd2 {[%emt 0:08:28]} d5 {[%emt 0:00:17]} 11. O-O $146 {[%emt 0:20:40]} ({Predecessor:} 11. O-O-O Nxd4 12. Bxd4 e5 13. Bf2 d4 14. Ne2 a5 15. c3 Qc7 16. Kb1 {½-½ (29) Talpak,T (2468)-Williamson,H (2537) ICCF email 2016}) 11... Nxd4 {[%emt 0:02:00]} 12. Bxd4 {[%emt 0:00:54]} dxe4 {[%emt 0:01:46]} 13. fxe4 {[%emt 0:01:12]} Nxe4 {[%emt 0:00:32]} 14. Nxe4 {[%emt 0:02:29]} Qxd4+ {[%emt 0:00:20]} 15. Qxd4 {[%emt 0:08:42]} Bxd4+ {[%emt 0:00:58]} 16. Kh1 {[%emt 0:00:04]} Bxb2 {[%emt 0:01:36]} 17. Rae1 {[%emt 0:01:35]} Bg7 {[%emt 0:01:00]} 18. Nd6 {[%emt 0:00:44]} Re7 {[%emt 0:01:25]} 19. Rf3 {[%emt 0:01:46]} Bd7 {[%emt 0:04:32]} 20. Ref1 {[%emt 0:16:45]} Be8 {[%emt 0:02:33]} 21. a4 {[%emt 0:01:42]} Rd8 {[%emt 0:00:32]} 22. Nc4 {[%emt 0:01:32]} Red7 {[%emt 0:01:48]} 23. Ne3 $19 {[%emt 0:02:04]} Rd2 {[%emt 0:01:38]} 24. Bc4 {[%emt 0:02:51]} Bd4 {[%emt 0:11:01]} 25. Ng4 {[%emt 0:02:11]} Bc6 {[%emt 0:00:45]} 26. Rg3 {[%emt 0:01:31]} Kg7 {[%emt 0:00:57]} 27. c3 {[%emt 0:06:39]} Bxc3 {[%emt 0:08:14]} 28. Rxc3 {[%emt 0:00:13]} Rxg2 {[%emt 0:00:29]} 29. Rxf7+ {[%emt 0:01:11]} Kg8 {[%emt 0:04:11]} 30. Nh6+ {[%emt 0:05:19]} Kh8 {[%emt 0:00:05]} 31. Bf1 {[%emt 0:00:18]} Rdd2 {[%emt 0:07:16]} 32. Rxc6 {[%emt 0:03:47]} Rxh2+ {[%emt 0:00:06]} 33. Kg1 {[%emt 0:00:03]} bxc6 {[%emt 0:00:04]} 34. Ng4 {[%emt 0:01:43]} Rh4 {[%emt 0:00:45]} 35. Nf6 {[%emt 0:00:23]} Rdd4 {[%emt 0:02:26]} 36. Rxa7 {[%emt 0:07:42]} Rxa4 {[%emt 0:00:33]} 37. Re7 {[%emt 0:00:18]} Ra1 {[%emt 0:01:19]} 38. Rf7 {[%emt 0:02:54]} e5 {[%emt 0:06:46]} 39. Kg2 {[%emt 0:00:36]} Raa4 {[%emt 0:00:17]} 40. Bd3 {[%emt 0:00:00]} Raf4 {[%emt 0:00:00]} 41. Kg3 {[%emt 0:03:37]} Rh6 {[%emt 0:03:14]} 42. Bc2 {[%emt 0:05:47]} c5 {[%emt 0:02:42]} 43. Be4 {[%emt 0:01:12]} g5 {[%emt 0:02:12]} 44. Ng4 {[%emt 0:01:34]} Rh4 {[%emt 0:06:17]} 45. Rxf4 {[%emt 0:01:18]} exf4+ {[%emt 0:00:12]} 46. Kf3 {[%emt 0:00:10]} Rh3+ {[%emt 0:00:16]} 47. Kf2 {[%emt 0:00:10]} h5 {[%emt 0:00:31]} 48. Ne5 {[%emt 0:00:34]} Kg7 {[%emt 0:00:55]} 49. Nf3 {[%emt 0:02:24]} Kf6 {[%emt 0:01:02]} 50. Nd2 {[%emt 0:00:40]} g4 {[%emt 0:05:12]} 51. Bg2 {[%emt 0:00:42]} Ra3 {[%emt 0:00:07]} 52. Ne4+ {[%emt 0:01:14]} Kf5 {[%emt 0:00:21]} 53. Nxc5 {[%emt 0:00:47]} g3+ {[%emt 0:00:12]} 54. Ke1 {[%emt 0:00:50]} Ra1+ {[%emt 0:00:53]} 55. Ke2 {[%emt 0:00:14]} Ra2+ {[%emt 0:00:07]} 56. Kf3 {[%emt 0:00:33]} Rf2# {[%emt 0:00:08] Bf1} 0-1

[Event "EYCC Girls U14 2018"]
[Site "Riga"]
[Date "2018.08.26"]
[Round "6"]
[White "Stepanyan, Eva"]
[Black "Bondareva, Daria"]
[Result "1/2-1/2"]
[WhiteElo "2101"]
[BlackElo "1922"]
[Annotator "NA"]
[PlyCount "147"]
[EventDate "2018.08.20"]
[EventType "swiss"]
[EventCountry "LAT"]
[SourceTitle "playchess.com"]
[Source "ChessBase"]
[SourceQuality "1"]
[TimeControl "40/5400+30:1800+30"]

1. e4 {[%emt 0:00:00]} c6 {[%emt 0:00:28]} 2. d4 {[%emt 0:00:39]} d5 {[%emt 0:00:05]} 3. Nc3 {[%emt 0:01:38]} dxe4 {[%emt 0:00:03]} 4. Nxe4 {[%emt 0:00:05]} Nf6 {[%emt 0:00:02]} 5. Nxf6+ {[%emt 0:00:21]} exf6 {[%emt 0:00:21]} 6. c3 {[%emt 0:01:40]} Bd6 {[%emt 0:00:04]} 7. Bd3 {[%emt 0:00:42]} O-O {[%emt 0:00:10]} 8. Ne2 {[%emt 0:00:47]} Re8 {[%emt 0:06:23]} 9. Qc2 {[%emt 0:00:12]} h6 {[%emt 0:00:21]} 10. O-O {[%emt 0:00:52]} Nd7 {[%emt 0:00:32] B15: Caro-Kann (Flohr-Variante)} (10... Qc7 11. Ng3 Nd7 12. Bd2 Nf8 13. Rfe1 Be6 14. c4 Rad8 15. Bc3 h5 16. b3 h4 17. Nf1 Bc8 18. Rxe8 Rxe8 {1-0 (53) Mekhitarian,K (2545)-Leitao,R (2619) Foz do Iguacu 2018}) 11. Bf4 {[%emt 0:07:50]} Nf8 {[%emt 0:00:07]} 12. Bxd6 {[%emt 0:03:01]} Qxd6 {[%emt 0:00:05]} 13. Ng3 {[%emt 0:00:39]} Bd7 $146 {[%emt 0:05:28]} ({Vorgänger:} 13... Ne6 14. Rfe1 Bd7 15. Nf5 Qc7 16. Bf1 g6 17. Ne3 Rad8 18. Rad1 {½-½ (34) Svoboda,S (2441)-Lechtynsky,J (2365) Czech Republic 2017}) 14. Rad1 {[%emt 0:04:13]} b6 {[%emt 0:07:09]} 15. c4 {[%emt 0:04:50]} Ne6 {[%emt 0:16:55]} 16. Nf5 {[%emt 0:07:09]} Qf8 {[%emt 0:00:22]} 17. d5 {[%emt 0:05:20]} cxd5 {[%emt 0:03:09]} 18. cxd5 {[%emt 0:00:14]} Nc5 {[%emt 0:01:10]} 19. d6 {[%emt 0:05:43]} Nxd3 {[%emt 0:09:28]} 20. Ne7+ {[%emt 0:03:59]} Rxe7 {[%emt 0:00:07]} 21. dxe7 {[%emt 0:00:24]} Qxe7 {[%emt 0:00:02]} 22. Qxd3 {[%emt 0:00:21]} Be6 {[%emt 0:00:58]} 23. b3 {[%emt 0:03:00]} Qa3 $16 {[%emt 0:02:58]} 24. Rd2 {[%emt 0:01:51]} Rc8 {[%emt 0:02:34]} 25. Rfd1 {[%emt 0:01:06]} g6 {[%emt 0:03:51]} 26. Qd6 {[%emt 0:02:57]} Qxd6 {[%emt 0:00:03]} 27. Rxd6 {[%emt 0:00:06]} Rc2 {[%emt 0:00:03]} 28. R6d2 {[%emt 0:00:35]} Rc5 {[%emt 0:01:33]} 29. Rd8+ {[%emt 0:04:51]} Kg7 {[%emt 0:00:33]} 30. Ra8 {[%emt 0:03:09]} Ra5 {[%emt 0:02:14]} 31. f3 {[%emt 0:18:49]} Rxa2 {[%emt 0:00:51]} 32. b4 {[%emt 0:00:32]} f5 {[%emt 0:02:42]} 33. Rc1 {[%emt 0:03:15]} f4 {[%emt 0:05:20]} 34. h4 {[%emt 0:00:37]} g5 {[%emt 0:02:34]} 35. hxg5 {[%emt 0:04:39]} hxg5 {[%emt 0:00:05]} 36. Rc7 {[%emt 0:00:31]} a6 {[%emt 0:03:51]} 37. Rca7 {[%emt 0:04:39]} Rb2 {[%emt 0:08:10]} 38. Rxa6 {[%emt 0:00:32]} Rxb4 {[%emt 0:00:02]} 39. Rb8 {[%emt 0:00:34]} b5 {[%emt 0:01:03]} 40. Rab6 {[%emt 0:00:00]} Bc4 {[%emt 0:00:00]} 41. Rc8 {[%emt 0:04:13]} Rb1+ {[%emt 0:07:56]} 42. Kh2 {[%emt 0:00:31]} Be6 {[%emt 0:01:50]} 43. Rc5 {[%emt 0:00:34]} Kg6 {[%emt 0:01:35]} 44. Rbxb5 {[%emt 0:01:26]} Rxb5 {[%emt 0:00:04]} 45. Rxb5 {[%emt 0:00:05]} Bc4 {[%emt 0:08:52]} 46. Rc5 {[%emt 0:00:24]} Bd3 {[%emt 0:00:36]} 47. Kg1 {[%emt 0:01:38]} Be2 {[%emt 0:01:40]} 48. Kf2 {[%emt 0:00:13]} Bd3 {[%emt 0:00:09]} 49. Ke1 {[%emt 0:01:06]} f6 {[%emt 0:03:46]} 50. Ra5 {[%emt 0:06:59]} Bc4 {[%emt 0:00:21]} 51. Ra4 {[%emt 0:00:33]} Bd3 {[%emt 0:01:02]} 52. Ra1 {[%emt 0:00:42]} Bb5 {[%emt 0:02:21]} 53. Kd2 {[%emt 0:00:48]} Bc6 {[%emt 0:02:16]} 54. Kd3 {[%emt 0:13:32]} Bb5+ {[%emt 0:05:51]} 55. Kd4 {[%emt 0:00:56]} Be2 {[%emt 0:00:43]} 56. Ke4 {[%emt 0:02:56]} Bc4 {[%emt 0:00:57]} 57. Rb1 {[%emt 0:02:42]} Be2 {[%emt 0:01:41]} 58. Rb2 {[%emt 0:00:48]} Bf1 {[%emt 0:00:28]} 59. Ra2 {[%emt 0:01:14]} Bc4 {[%emt 0:01:00]} 60. Ra1 {[%emt 0:00:08]} Be2 {[%emt 0:00:58]} 61. Kd5 {[%emt 0:03:54]} Kf5 {[%emt 0:01:26]} 62. Kd4 {[%emt 0:01:56]} Kg6 {[%emt 0:00:26]} 63. Ke4 {[%emt 0:00:55]} Bc4 {[%emt 0:00:26]} 64. Re1 {[%emt 0:00:37]} Ba6 {[%emt 0:01:23]} 65. Rg1 {[%emt 0:00:28]} Be2 {[%emt 0:00:57]} 66. Rh1 {[%emt 0:00:09]} Bc4 {[%emt 0:00:17]} 67. Kd4 {[%emt 0:00:39]} Ba6 {[%emt 0:01:09]} 68. Ra1 {[%emt 0:00:29]} Be2 {[%emt 0:00:14]} 69. Kd5 {[%emt 0:00:30]} Kf5 {[%emt 0:00:12]} 70. Kd6 {[%emt 0:00:16]} g4 {[%emt 0:01:42]} 71. Ra5+ {[%emt 0:00:20]} Kg6 {[%emt 0:00:05]} 72. Ra3 {[%emt 0:00:58]} Kg5 {[%emt 0:03:10]} 73. Kd5 {[%emt 0:00:48]} Bf1 {[%emt 0:00:37]} 74. Ra2 {[%emt 0:00:18]} 1/2-1/2

[Event "EYCC Girls U14 2018"]
[Site "Riga"]
[Date "2018.08.26"]
[Round "6"]
[White "Eizaguerri Floris, Maria"]
[Black "Nur Mukhametova, Alisa"]
[Result "1-0"]
[WhiteElo "2065"]
[BlackElo "1856"]
[Annotator "NA"]
[PlyCount "161"]
[EventDate "2018.08.20"]
[EventType "swiss"]
[EventCountry "LAT"]
[SourceTitle "playchess.com"]
[Source "ChessBase"]
[SourceQuality "1"]
[TimeControl "40/5400+30:1800+30"]

1. d4 {[%emt 0:00:00]} Nf6 {[%emt 0:00:00]} 2. Nf3 {[%emt 0:00:00]} g6 {[%emt 0:00:00]} 3. Bf4 {[%emt 0:00:00]} Bg7 {[%emt 0:00:35]} 4. e3 {[%emt 0:00:10]} O-O {[%emt 0:00:43]} 5. Be2 {[%emt 0:00:13]} d6 {[%emt 0:00:09]} 6. O-O {[%emt 0:01:21]} Nbd7 {[%emt 0:02:21]} 7. h3 {[%emt 0:03:03]} Re8 {[%emt 0:00:25]} 8. c4 {[%emt 0:02:19]} b6 {[%emt 0:00:57]} 9. Nc3 {[%emt 0:00:24]} Bb7 {[%emt 0:00:50]} 10. Rc1 {[%emt 0:00:41] E61: King's Indian: Early deviations for White, including Smyslov System} (10. Bh2 e5 11. dxe5 dxe5 12. Qc2 e4 13. Nd4 a6 14. Rfd1 Qc8 15. Nd5 c5 16. Nb3 Nxd5 17. cxd5 Qd8 18. a4 {0-1 (50) Pakleza,Z (2496)-Mamedyarov,S (2804) chess.com INT 2018}) 10... e5 {[%emt 0:00:35]} 11. Bh2 {[%emt 0:00:48]} Ne4 {[%emt 0:05:55]} 12. b4 {[%emt 0:05:41]} Nxc3 {[%emt 0:27:43]} 13. Rxc3 {[%emt 0:00:09]} Qe7 $146 {[%emt 0:01:00]} ({Predecessor:} 13... a5 14. b5 Qe7 15. Rc2 Rad8 16. Rd2 Kh8 17. d5 Bc8 {½-½ (77) Wesolowska,H (2080)-Blimke,D (2085) Warsaw 1994}) 14. d5 {[%emt 0:11:30]} a5 {[%emt 0:05:26]} 15. a3 {[%emt 0:05:19]} axb4 {[%emt 0:00:47]} 16. axb4 {[%emt 0:00:01]} Ra2 {[%emt 0:00:48]} 17. Rc2 {[%emt 0:07:57]} Ra3 {[%emt 0:03:11]} 18. Qc1 {[%emt 0:03:53]} Rea8 {[%emt 0:01:38]} 19. Qb2 {[%emt 0:00:35]} f5 {[%emt 0:12:15]} 20. Rd1 {[%emt 0:05:19]} h6 {[%emt 0:02:45]} 21. c5 {[%emt 0:10:06]} e4 {[%emt 0:09:00]} 22. cxd6 {[%emt 0:13:05]} cxd6 {[%emt 0:01:43]} 23. Nd4 {[%emt 0:01:10]} Bxd5 {[%emt 0:01:13]} 24. Bb5 {[%emt 0:10:22]} Ne5 {[%emt 0:04:39]} 25. Qc1 {[%emt 0:12:33]} Nd3 {[%emt 0:07:00]} 26. Rc8+ {[%emt 0:03:23]} Kh7 {[%emt 0:03:18]} 27. Bxd3 {[%emt 0:00:15]} exd3 {[%emt 0:01:33]} 28. Rc7 {[%emt 0:01:20]} Qd8 {[%emt 0:02:20]} 29. Rc3 {[%emt 0:02:06]} Ra2 {[%emt 0:04:16]} 30. Rcxd3 {[%emt 0:00:25]} Rc8 {[%emt 0:01:21]} 31. Rc3 {[%emt 0:00:05]} Rxc3 32. Qxc3 Qg5 {[%emt 0:00:53]} 33. Bg3 {[%emt 0:00:32]} h5 34. h4 {[%emt 0:00:08]} Qg4 {[%emt 0:00:59]} 35. Rd2 {[%emt 0:01:21]} Qe4 {[%emt 0:00:38]} 36. f3 {[%emt 0:00:46]} Qb1+ {[%emt 0:00:06]} 37. Kh2 {[%emt 0:00:19]} Ra1 {[%emt 0:00:31]} 38. Bxd6 {[%emt 0:01:02]} Qh1+ {[%emt 0:00:42]} 39. Kg3 {[%emt 0:00:03]} g5 {[%emt 0:00:42]} 40. hxg5 {[%emt 0:00:00]} h4+ {[%emt 0:00:00]} 41. Kf4 {[%emt 0:01:48]} Kg6 {[%emt 0:02:08]} 42. e4 {[%emt 0:14:47]} Re1 {[%emt 0:08:01]} 43. exf5+ {[%emt 0:03:58]} Kh5 {[%emt 0:07:48]} 44. f6 {[%emt 0:01:54]} Qh2+ {[%emt 0:01:04]} 45. Kf5 {[%emt 0:00:07]} Qxd6 {[%emt 0:01:19]} 46. Ne2 $19 {[%emt 0:06:12]} (46. Re2 $142 Bf7 47. Ke4 (47. g4+ $2 hxg3 48. Ke4 Rd1 $19) 47... Bg6+ 48. Ke3 Qe5+ 49. Kd2 Rxe2+ 50. Nxe2 Qxg5+ 51. Qe3) 46... Qe6+ {[%emt 0:06:04]} 47. Kf4 {[%emt 0:00:09]} Bf8 {[%emt 0:07:28]} 48. g4+ {[%emt 0:01:16]} Kg6 {[%emt 0:00:20]} 49. Qd3+ {[%emt 0:02:22]} Kf7 {[%emt 0:00:27]} 50. Qxd5 {[%emt 0:01:09]} Rxe2 {[%emt 0:00:49]} 51. Qxe6+ {[%emt 0:00:58]} Rxe6 {[%emt 0:00:16]} 52. Kf5 {[%emt 0:00:35]} Rd6 {[%emt 0:00:42]} 53. g6+ {[%emt 0:00:37]} Kg8 {[%emt 0:00:21]} 54. Rh2 {[%emt 0:01:48]} Rd5+ {[%emt 0:00:42]} 55. Ke4 {[%emt 0:00:07]} Rg5 {[%emt 0:00:29]} 56. g7 {[%emt 0:00:31]} Bxb4 {[%emt 0:00:23]} 57. Rxh4 {[%emt 0:00:13]} Kf7 {[%emt 0:00:33]} 58. Rh8 {[%emt 0:00:58]} Ba3 {[%emt 0:00:36]} 59. Ra8 {[%emt 0:00:45]} Bb4 {[%emt 0:00:15]} 60. Rb8 {[%emt 0:00:29]} Bc5 {[%emt 0:00:45]} 61. Kd3 {[%emt 0:00:34]} Rg6 {[%emt 0:00:25]} 62. Kc4 {[%emt 0:00:17]} Rg5 {[%emt 0:00:06]} 63. Ra8 {[%emt 0:00:12]} b5+ {[%emt 0:00:31]} 64. Kb3 {[%emt 0:00:58]} Bd6 {[%emt 0:00:20]} 65. Rd8 {[%emt 0:00:18]} Bc5 {[%emt 0:00:16]} 66. Kc2 {[%emt 0:00:34]} Bb4 {[%emt 0:00:52]} 67. Kd3 {[%emt 0:00:08]} Bc5 {[%emt 0:00:38]} 68. Ke4 {[%emt 0:00:21]} Ba3 {[%emt 0:00:21]} 69. Ra8 {[%emt 0:00:46]} Bb4 {[%emt 0:00:20]} 70. Kf4 {[%emt 0:00:55]} Rg6 {[%emt 0:01:11]} 71. Kg3 {[%emt 0:00:36]} Be1+ {[%emt 0:00:31]} 72. Kh3 {[%emt 0:00:18]} Bb4 {[%emt 0:00:16]} 73. f4 {[%emt 0:00:09]} Bd6 {[%emt 0:00:13]} 74. f5 {[%emt 0:00:32]} Rg5 {[%emt 0:00:53]} 75. Kh4 {[%emt 0:00:06]} Kxf6 {[%emt 0:00:31]} 76. g8=Q {[%emt 0:00:46]} Rxg8 {[%emt 0:00:07]} 77. Rxg8 {[%emt 0:00:07]} b4 {[%emt 0:00:15]} 78. Rd8 {[%emt 0:01:10]} Ke7 {[%emt 0:00:22]} 79. Ra8 {[%emt 0:00:24]} b3 {[%emt 0:00:03]} 80. Ra7+ {[%emt 0:00:10]} Kf6 {[%emt 0:00:20]} 81. Rb7 {[%emt 0:00:05]} 1-0

[Event "EYCC Girls U14 2018"]
[Site "Riga"]
[Date "2018.08.26"]
[Round "6"]
[White "Allahverdiyeva, Ayan"]
[Black "Wikar, Martyna"]
[Result "1/2-1/2"]
[WhiteElo "2046"]
[BlackElo "1974"]
[Annotator "NA"]
[PlyCount "88"]
[EventDate "2018.08.20"]
[EventType "swiss"]
[EventCountry "LAT"]
[SourceTitle "playchess.com"]
[Source "ChessBase"]
[SourceQuality "1"]
[TimeControl "40/5400+30:1800+30"]

1. e4 {[%emt 0:00:49]} c6 {[%emt 0:00:00]} 2. d4 {[%emt 0:00:20]} d5 {[%emt 0:00:00]} 3. e5 {[%emt 0:00:02]} c5 {[%emt 0:00:01]} 4. dxc5 {[%emt 0:00:29]} Nc6 {[%emt 0:00:12]} 5. Bb5 {[%emt 0:00:03]} e6 {[%emt 0:00:26]} 6. b4 {[%emt 0:01:36]} Nge7 {[%emt 0:14:17]} 7. Nf3 {[%emt 0:03:25]} Bd7 {[%emt 0:01:34]} 8. c3 {[%emt 0:11:11]} a5 {[%emt 0:04:10]} 9. Bd2 {[%emt 0:02:42]} b6 {[%emt 0:10:12]} 10. Bxc6 {[%emt 0:08:34]} Bxc6 {[%emt 0:00:38]} 11. cxb6 {[%emt 0:04:04]} axb4 {[%emt 0:04:58]} 12. cxb4 {[%emt 0:01:27]} Ba4 {[%emt 0:02:52]} 13. Qe2 {[%emt 0:00:51]} Qxb6 {[%emt 0:02:01]} 14. Nc3 {[%emt 0:00:47]} Nf5 {[%emt 0:09:58]} 15. Nxa4 {[%emt 0:12:55]} Rxa4 {[%emt 0:00:08]} 16. O-O {[%emt 0:10:44]} Be7 {[%emt 0:12:46]} 17. a3 {[%emt 0:05:38]} O-O {[%emt 0:00:18]} 18. Bc3 {[%emt 0:00:41]} g5 {[%emt 0:09:20]} 19. Bb2 {[%emt 0:07:34]} Kh8 {[%emt 0:03:46]} 20. Qd1 {[%emt 0:03:45]} Qa6 {[%emt 0:05:36]} 21. Rc1 {[%emt 0:00:47]} h6 {[%emt 0:03:48]} 22. Nd4 {[%emt 0:06:30]} Nxd4 {[%emt 0:01:21]} 23. Qxd4 {[%emt 0:00:05]} Kg7 {[%emt 0:02:46]} 24. Rc2 {[%emt 0:03:36]} Rb8 {[%emt 0:02:16]} 25. Qe3 {[%emt 0:02:41]} Qb5 {[%emt 0:01:46]} 26. Rfc1 {[%emt 0:02:07]} Rb7 {[%emt 0:02:32]} 27. Rc8 {[%emt 0:01:50]} Rba7 {[%emt 0:01:38]} 28. h4 {[%emt 0:02:14]} d4 {[%emt 0:03:03]} 29. Qxd4 {[%emt 0:01:42]} Rxa3 {[%emt 0:00:41]} 30. Bxa3 {[%emt 0:00:37]} Rxa3 {[%emt 0:00:02]} 31. hxg5 {[%emt 0:02:34]} hxg5 {[%emt 0:00:28]} 32. R8c4 {[%emt 0:02:06]} Rb3 {[%emt 0:00:55]} 33. Qa7 {[%emt 0:01:00]} Rxb4 {[%emt 0:00:58]} 34. Rc7 {[%emt 0:00:46]} Rb1 {[%emt 0:00:32]} 35. Rxb1 {[%emt 0:00:16]} Qxb1+ {[%emt 0:00:06]} 36. Kh2 {[%emt 0:00:12]} Qh7+ {[%emt 0:00:22]} 37. Kg1 {[%emt 0:00:33]} Qb1+ {[%emt 0:00:10]} 38. Kh2 {[%emt 0:00:17]} Qh7+ {[%emt 0:00:06]} 39. Kg1 {[%emt 0:01:16]} Qb1+ {[%emt 0:00:22]} 40. Kh2 Qh7+ 41. Kg3 Qh4+ 42. Kf3 Qf4+ 43. Ke2 Qxe5+ 44. Kf1 Qb5+ {Ke2 Qe5+} 1/2-1/2

[Event "EYCC Girls U14 2018"]
[Site "Riga"]
[Date "2018.08.26"]
[Round "6"]
[White "Guillo Longares, Cecilia"]
[Black "Mkrtchyan, Mariam"]
[Result "1/2-1/2"]
[WhiteElo "2030"]
[BlackElo "1881"]
[Annotator "NA"]
[PlyCount "107"]
[EventDate "2018.08.20"]
[EventType "swiss"]
[EventCountry "LAT"]
[SourceTitle "playchess.com"]
[Source "ChessBase"]
[SourceQuality "1"]
[TimeControl "40/5400+30:1800+30"]

1. d4 {[%emt 0:00:00]} Nf6 {[%emt 0:00:00]} 2. c4 {[%emt 0:00:00]} g6 {[%emt 0:00:00]} 3. Nf3 {[%emt 0:00:00]} Bg7 {[%emt 0:00:00]} 4. g3 {[%emt 0:00:00]} O-O {[%emt 0:00:10]} 5. Bg2 {[%emt 0:00:00]} d6 {[%emt 0:00:07]} 6. O-O {[%emt 0:00:00]} Nc6 {[%emt 0:00:30]} 7. Nc3 {[%emt 0:00:00]} Nd7 {[%emt 0:01:05]} 8. e4 {[%emt 0:01:37]} Nb6 {[%emt 0:00:58]} 9. b3 {[%emt 0:00:42]} Bg4 {[%emt 0:00:04]} 10. Ne2 {[%emt 0:01:17]} e5 {[%emt 0:02:38]} 11. Bb2 {[%emt 0:02:50]} Bxf3 {[%emt 0:04:04]} 12. Bxf3 {[%emt 0:00:10]} Qf6 {[%emt 0:00:26]} 13. Bg2 {[%emt 0:01:11]} Nxd4 {[%emt 0:00:33]} 14. Nxd4 {[%emt 0:00:45]} exd4 {[%emt 0:00:02]} 15. Qd3 {[%emt 0:00:40]} c5 {[%emt 0:02:46]} 16. Rae1 {[%emt 0:01:22]} Nd7 {[%emt 0:03:20]} 17. f4 {[%emt 0:00:23]} Rab8 {[%emt 0:01:10]} 18. Bc1 {[%emt 0:02:30]} Qd8 {[%emt 0:06:14]} 19. Bd2 {[%emt 0:00:41]} Qc7 {[%emt 0:00:57]} 20. Kh1 {[%emt 0:01:37]} a6 {[%emt 0:00:14]} 21. a4 {[%emt 0:01:00]} Rbe8 {[%emt 0:03:09]} 22. g4 {[%emt 0:04:03]} h6 {[%emt 0:04:56]} 23. Rf3 {[%emt 0:03:24]} Nf6 {[%emt 0:04:38]} 24. Rg3 {[%emt 0:05:05]} Re7 {[%emt 0:02:09]} 25. h4 {[%emt 0:05:14]} Rfe8 {[%emt 0:06:59]} 26. g5 {[%emt 0:01:27]} Nh5 {[%emt 0:01:02]} 27. Rg4 {[%emt 0:03:34]} Kh7 {[%emt 0:14:54]} 28. Rf1 {[%emt 0:02:27]} Qd7 {[%emt 0:07:43]} 29. f5 {[%emt 0:03:35]} Re5 {[%emt 0:01:14]} 30. Bf3 {[%emt 0:07:16]} b5 {[%emt 0:10:43]} 31. axb5 {[%emt 0:09:46]} axb5 {[%emt 0:00:06]} 32. cxb5 {[%emt 0:06:00]} Rb8 {[%emt 0:03:09]} 33. Be2 {[%emt 0:00:55]} Qb7 {[%emt 0:01:36]} 34. fxg6+ {[%emt 0:03:04]} fxg6 {[%emt 0:00:07]} 35. Rfg1 {[%emt 0:03:44]} Rg8 {[%emt 0:08:04]} 36. Qf3 {[%emt 0:05:04]} hxg5 {[%emt 0:06:45]} 37. Bxg5 {[%emt 0:08:58]} Bh6 {[%emt 0:01:18]} 38. Bxh6 {[%emt 0:01:26]} Kxh6 {[%emt 0:00:01]} 39. Bc4 {[%emt 0:00:50]} Rg7 {[%emt 0:01:31]} 40. Qf8 {[%emt 0:00:00]} Kh7 {[%emt 0:00:00]} 41. Qxd6 {[%emt 0:01:04]} Rxe4 {[%emt 0:05:39]} 42. Bd5 {[%emt 0:00:58]} Qe7 {[%emt 0:00:20]} 43. Qxe7 {[%emt 0:03:12]} Rexe7 {[%emt 0:00:09]} 44. Be4 {[%emt 0:01:25]} Re6 {[%emt 0:05:32]} 45. Bc2 {[%emt 0:03:32]} Rd6 {[%emt 0:01:38]} 46. Bd3 {[%emt 0:00:05]} Kh6 {[%emt 0:02:28]} 47. Kh2 {[%emt 0:05:39]} Rf6 {[%emt 0:01:18]} 48. Be4 {[%emt 0:02:34]} Rd6 {[%emt 0:08:20]} 49. Bd3 {[%emt 0:00:14]} Rg8 {[%emt 0:03:00]} 50. Rc1 {[%emt 0:07:51]} Rc8 {[%emt 0:03:40]} 51. Rcg1 {[%emt 0:00:08]} Rg8 {[%emt 0:00:31]} 52. Rc1 {[%emt 0:00:06]} Rc8 {[%emt 0:01:05]} 53. Rcg1 {[%emt 0:00:10]} Rg8 {[%emt 0:00:33]} 54. Rc1 {[%emt 0:00:34]} 1/2-1/2